000 00837nam a2200301Ia 4500
001 B3794
003 IT-RoPAU
008 130308s9999 xx 000 0 und d
040 _aIT-RoPAU
040 _cIT-RoPAU
041 _aSPAGNOLO
100 _aMejicanos Carlos
100 _gCodice Aut. SPICS: 37875
245 _aApuntes sobre la actividad televisiva en Nicaragua
245 _bTelevision Y Democracia En America Latina
250 _a1a ed.
260 _aLIMA
260 _bIPAL
260 _c1989 [1° Ed.:1989 - Ed.Ling.Originale:1989]
300 _a"4 p. (prefazione: no ; testo: 4 [pagine: 127-130])"
500 _aAppunti Sull'Attività televisiva in Nicaragua.
650 _aSAGGI SULLA TELEVISIONE
650 _eCodice materia Spics: 6961
942 _cBK
957 _71
999 _c57549
_d57549
999 _bSI
999 _g1